Les départements français ? - Statistiques

Statistiques générales
  • Ce quiz a été pris 31 714 fois
  • Le résultat moyen est 40 sur 76
Réponses sur la Carte
Les réponses sont colorées sur une échelle allant du rouge au vert en fonction du pourcentage des utilisateurs qui les ont devinées à leur premier essai. Vous pouvez retrouver ces pourcentages ci-dessous.
 
Statistiques - réponses
Pays % Correct
Etats-Unis
91%
Égypte
86%
Madagascar
83%
Portugal
79%
Australie
78%
Maroc
78%
Croatie
77%
Espagne
77%
Algérie
76%
Pologne
70%
Royaume-Uni
67%
Iran
66%
Libye
66%
Soudan
66%
Pakistan
65%
République démocratique du Congo
65%
Irak
64%
République du Congo
63%
Sénégal
63%
Roumanie
61%
Angola
60%
Laos
59%
Albanie
58%
Estonie
58%
Soudan du Sud
58%
Tchad
58%
Afghanistan
57%
Bosnie-Herzégovine
57%
Suisse
57%
Lettonie
56%
Ouzbékistan
55%
Pérou
54%
Belgique
53%
Bulgarie
53%
Slovaquie
53%
Colombie
51%
Paraguay
51%
Biélorussie
50%
Cameroun
50%
Niger
50%
Slovénie
50%
Turkménistan
50%
Venezuela
50%
Bolivie
49%
Tadjikistan
49%
Turquie
49%
Finlande
47%
Hongrie
47%
Macédoine du Nord
46%
Namibie
46%
Arménie
45%
Gabon
45%
Guinée
45%
Uruguay
45%
Jordanie
44%
Kirghizistan
44%
République tchèque
43%
Émirats arabes unis
42%
Géorgie
42%
Ghana
42%
Luxembourg
42%
Nigeria
42%
Moldavie
41%
Arabie Saoudite
40%
Qatar
39%
Cambodge
37%
Suriname
36%
Honduras
35%
Koweït
35%
Botswana
33%
Nicaragua
33%
République Centrafricaine
32%
Djibouti
30%
Liberia
29%
Salvador
28%
République Dominicaine
18%
Aucun quiz correspondant
Distribution des résultats
% des personnes avec chaque résultat
Percentile par nombre de réponses
Votre historique - résultats
Vous n’avez pas pris ce quiz